000 00556nam a22002057a 4500
001 21584
005 20260318152153.0
008 260318b |||||||| |||| 00| 0 spa d
041 _aESP
082 _a343.213
_bA11 2006
100 _aAbad Yupanqui, Samuel
245 _aConstitución y procesos constitucionales :
_bestudio introductorio, legislación, jurisprudencia e índices
260 _a :
_b ,
_c2006
300 _a368 páginas :
_b ;
_c00 cm.
440 _a ;
650 _aDER
654 _aCDE
700 _a;
942 _cLIB
_dJUS
_fJUS
_2ddc
999 _c21584
_d21584